| 000 | 00896cam a2200265 a 4500 | ||
|---|---|---|---|
| 999 |
_c2907 _d2907 |
||
| 001 | 1932277 | ||
| 005 | 20170920154058.0 | ||
| 008 | 860228s1986 cau b s001 0beng | ||
| 010 | _a 86005249 | ||
| 020 | _a0520057716 (alk. paper) | ||
| 040 |
_aDLC _cDLC _dDLC |
||
| 050 | 0 | 0 |
_aG93.I24 _bD86 1986 |
| 082 | 0 | 0 |
_a910/.882971 _219 |
| 100 | 1 |
_aDunn, Ross E. _935996 |
|
| 245 | 1 | 4 |
_aThe adventures of Ibn Battuta, a Muslim traveler of the 14th century / _cRoss E. Dunn. |
| 260 |
_aBerkeley : _bUniversity of California Press, _cc1986. |
||
| 300 |
_axvi, 357 p. ; _c23 cm. |
||
| 500 | _aIncludes index. | ||
| 504 | _aBibliography: p. 325-342. | ||
| 600 | 0 | 0 |
_aIbn Batuta, _d1304-1377. _935997 |
| 650 | 0 |
_aTravelers _zIslamic Empire _xBiography. _935998 |
|
| 650 | 0 |
_aTravel, Medieval. _935999 |
|
| 906 |
_a7 _bcbc _corignew _d1 _eocip _f19 _gy-gencatlg |
||
| 942 |
_2lcc _cMONOGRAPH |
||